000
00297nam a22001577a 4500
999
_c
166595
_d
166595
082
_a
_b
100
_a
Harvey L P
245
_a
IBN battuta/
_c
by Harvey L P.
260
_a
_b
Oxford,
_c
2011.
300
_a
126p.
490
_a
600
_a
650
_a
700
_a
942
_c
BK